000
00310nam a2200133Ia 4500
008
151213s9999 xx 000 0 und d
245
_a
SAS / GRAPH Software Version - 6
250
_a
1st
260
_a
U S A
_b
SAS Institution
300
_a
2996 p.
650
_a
Computer
650
_a
Computer
999
_c
2083
_d
2083